What's the name in Hawaiian? - Statistics

General Stats
  • This quiz has been taken 9 times
  • The average score is 7 of 20
Answer Stats
Name in English Name in Hawaiian % Correct
Noah Noa
67%
Benjamin Peni
67%
Adam Akamu
33%
Abigail Apikalia
33%
Edward Ekewaka
33%
Elizabeth Elikapeka
33%
Jessica Iekika
33%
Katherine Kakalina
33%
Sarah Kala
33%
Charles Kale
33%
Stephanie Kekepania
33%
John Keoni
33%
Diana Kiana
33%
Christina Kilikina
33%
James Kimo
33%
Mark Maleko
33%
Michael Mikala
33%
Peter Pika
33%
Victoria Wikolia
33%
Mia Malia
0%
No matching quizzes found
Score Distribution
Percent of People with Each Score
Percentile by Number Answered
Your Score History
You have not taken this quiz